[Event "Washington op Premier"]
[Site "Seattle"]
[Date "2007.05.27"]
[Round "4"]
[White "Briggs, Mark"]
[Black "Colorado, Ramon"]
[Result "0-1"]
[WhiteElo "1691"]
[BlackElo "1917"]
[PlyCount "50"]
[EventDate "2007.05.26"]
[EventType "swiss"]
[EventRounds "6"]
[EventCountry "USA"]
[SourceTitle "EXT 2017"]
[Source "ChessBase"]
[SourceDate "2016.10.25"]
[SourceVersion "1"]
[SourceVersionDate "2016.10.25"]
[SourceQuality "1"]

1. d4 Nf6 2. Nf3 g6 3. c4 Bg7 4. Nc3 0-0 5. e4 d6 6. Be2 e5 7. d5 Nbd7 8. 0-0 Nc5 9. Qc2 a5 10. a3 a4 11. Be3 Nb3 12. Rae1 Bd7 13. Nd2 Nd4 14. Qd1 Nxe2+ 15. Qxe2 Ng4 16. c5 f5 17. cxd6 cxd6 18. Nc4 f4 19. Bc1 Qh4 20. h3 f3 21. Qd3 fxg2 22. Kxg2 Rxf2+ 23. Kg1 Raf8 24. Nd1 R8f3 25. Nxf2 Qg3+ 0-1